Statistics for One Word Movies by Characters

Click here to take the quiz!

General Stats

  • This quiz has been taken 33 times
  • The average score is 8 of 21

Answer Stats

CHARACTERSMOVIE TITLE% Correct
Rick Blaine, Ilsa Lund, Victor LaszloCasablanca
76%
Edward the Longshanks, William WallaceBraveheart
72%
Rose DeWitt Bukater, Jack DawsonTitanic
69%
Velma Kelly, Roxie HartChicago
62%
Dr. Peter Venkman, Dr. Egon SpenglerGhostbusters
62%
Henry Hill, Jimmy Conway, Tommy De VitoGoodfellas
55%
Jake Sully, Neytiri, Colonel QuaritchAvatar
52%
Jerry Lundegaard, Marge Gunderson, Carl and GaearFargo
48%
Dante Hicks, Jay & Silent BobClerks
41%
Carl Fredricksen, Charles MuntzUp
41%
Josh Baskin, ZoltarBig
38%
Ace Rothstein, Nicky SantoroCasino
34%
Mark Renton, Spud, Sick BoyTrainspotting
34%
Barbara & Adam Maitland, Lydia DeetzBeetlejuice
24%
Bethany Sloane, Bartleby & LokiDogma
24%
Little Bill, William Munny, Skinny DuboisUnforgiven
21%
Paulie Bleeker, Mark & Vanessa LoringJuno
14%
Dom Cobb, Saito, Nash, ArthurInception
10%
Dr. Ryan Stone, Matt KowalskiGravity
7%
Jack Harper, Vika, BeechOblivion
7%
Rev. Graham Hess, Morgan, Bo, MerrillSigns
7%

Score Distribution

Percentile by Number Answered

Percent of People with Each Score

Your Score History

You have not taken this quiz